000 00715nam a2200253 4500
001 2047
010 _a9789722377027
021 _aPT
_b547198/25
090 _a2047
100 _a20260212d2025 a||y0pory50030103ba
101 _apor
102 _aPT
200 _aSerás sempre um menino muito especial!
_fIsabella Miller
_gtrad. Ana Saldanha
205 _a1ª edição
210 _aLisboa
_cPresença
_d2025
215 _a103 p.
_cil.
_d21 cm
300 _aBMB-Registado
304 _aTít. orig.: Siempre serás un chico especial
606 _9815
_aLiteratura Juvenil
675 _a087.5
_vBMB
_zpor
700 _aMiller
_bIsabella
_92936
702 _aSaldanha
_bAna
_f1959-
_4730
_9936
801 _aPT
_bBMB
_gRPC
990 _cLIVROS